000 00745nam a2200265 a 4500
001 37801
003 BD-RjUL
005 20211209052646.0
008 150712s1958 nyua 001 0 eng
035 _a(BD-RjUL) 37906
040 _aDLC
_cDZM
_dOCL
_dBD-RjUL
_beng
041 _aeng
082 _a537
_bATE 1958
_222
100 1 _aAttwood, Stephen S.
_q(Stephen Stanley),
_d1897-1965.
_9117095
245 0 0 _aElectric and magnetic fields /
_cStephen S. Attwood.
250 _a3d ed.
260 _aNew York :
_bJ. Wiley,
_c1958.
300 _axi, 475 p.
_bdiagrs.
_c24 cm.
500 _aIncludes index
650 0 _aElectricity.
_9117029
650 0 _aMagnetism.
_9117032
942 _2ddc
_cBK
999 _c37801
_d37801